00422nam a2200169Ia 4500008004100000020002200041050001700063050001600080245002900096260001600125260002900141260000900170300001600179300002600195300001100221500002000232160819s9999 xx 000 0 und d a978-1-74196-523-0 aCUL TX 724.5 b.T5W67 2010 aWorld kitchen Thailand / aAustralia : bMurdoch Books Pty. Ltd., c2010 a254 pages : bcolor illustrations ; c26 cm. aIncludes index.